000 00673nam a2200241Ia 4500
003 OSt
005 20220925232117.0
006 a|||||r|||| 00| 0
007 ta
008 220923b |||||||| |||| 00| 0 eng d
037 _cGeneral Book
040 _aRTL
_cRTL
_beng
041 _2eng
_aeng
082 _aX:97D.6.N6, K6
100 _aDavies Ioan
_9128221
245 0 _aAfrican trade unions
260 _aMiddlesex
_bPenguin Books
_c1966
300 _a256p Glossary p 245-48
_ccm.
490 _aPenguin African Library Publication
650 _aTrade Unions
942 _hX:97D.6.N6, K6
_cGB
_2CC
999 _c590349
_d590349